| 000 | 00752nam a22002177a 4500 | ||
|---|---|---|---|
| 999 |
_c17136 _d17136 |
||
| 003 | AR-CdUCM | ||
| 008 | 190507b ||||| |||| 00| 0 spa d | ||
| 040 |
_aMUNICIPALIDAD PROVINCIAL DEL CUSCO _cBIBLIOTECA MUNICIPAL DEL CUSCO |
||
| 082 |
_a869.557 / _bG69 |
||
| 100 |
_aGonzález Prada, Manuel _9638 |
||
| 245 | _aNuevas páginas libres / | ||
| 260 |
_aSantiago de Chile : _bErcilla, _c1937. |
||
| 300 |
_a254 paginas ; _c18 cm. |
||
| 505 | _aContenido : Jesucristo y su doctrina -- Catolicismo y ciencia -- La poesía -- Un rato de filosofía -- Los poetas... | ||
| 650 |
_aEnsayos peruanos _9233 |
||
| 650 |
_aSiglo XIX _9971 |
||
| 650 |
_aEnsayos políticos _92390 |
||
| 650 |
_aPerú. _935 |
||
| 942 |
_2ddc _cLIBROS |
||
| 945 |
_awnts _d2019-05-7 |
||